Love & desire & hate / (Record no. 11475)
[ view plain ]
| 000 -LEADER | |
|---|---|
| fixed length control field | 00606cam a2200217 a 4500 |
| 001 - CONTROL NUMBER | |
| control field | 2942008 |
| 003 - CONTROL NUMBER IDENTIFIER | |
| control field | OSt |
| 005 - DATE AND TIME OF LATEST TRANSACTION | |
| control field | 20160224170847.0 |
| 008 - FIXED-LENGTH DATA ELEMENTS--GENERAL INFORMATION | |
| fixed length control field | 900912s1990 nyu 000 1 eng |
| 010 ## - LIBRARY OF CONGRESS CONTROL NUMBER | |
| LC control number | 90010367 |
| 020 ## - INTERNATIONAL STANDARD BOOK NUMBER | |
| International Standard Book Number | 0671665804 : |
| Terms of availability | $21.95 |
| 040 ## - CATALOGING SOURCE | |
| Original cataloging agency | SEKU |
| 050 00 - LIBRARY OF CONGRESS CALL NUMBER | |
| Classification number | PR 6053.O4 |
| Item number | L6 1990 |
| 100 1# - MAIN ENTRY--PERSONAL NAME | |
| Personal name | Collins, Joan, |
| Dates associated with a name | 1933- |
| 245 10 - TITLE STATEMENT | |
| Title | Love & desire & hate / |
| Statement of responsibility, etc. | Joan Collins. |
| 260 ## - PUBLICATION, DISTRIBUTION, ETC. (IMPRINT) | |
| Place of publication, distribution, etc. | New York : |
| Name of publisher, distributor, etc. | Linden Press/Simon and Schuster, |
| Date of publication, distribution, etc. | c1990. |
| 300 ## - PHYSICAL DESCRIPTION | |
| Extent | 368 p. ; |
| Dimensions | 25 cm. |
| 655 #7 - INDEX TERM--GENRE/FORM | |
| Genre/form data or focus term | Romantic suspense novels. |
| Source of term | gsafd |
| 740 0# - ADDED ENTRY--UNCONTROLLED RELATED/ANALYTICAL TITLE | |
| Uncontrolled related/analytical title | Love and desire and hate. |
| 942 ## - ADDED ENTRY ELEMENTS (KOHA) | |
| Source of classification or shelving scheme | Library of Congress Classification |
| Koha item type | General circulation |
| Withdrawn status | Lost status | Source of classification or shelving scheme | Damaged status | Not for loan | Home library | Current library | Shelving location | Date acquired | Source of acquisition | Total Checkouts | Full call number | Barcode | Date last seen | Price effective from | Koha item type | Public note |
|---|---|---|---|---|---|---|---|---|---|---|---|---|---|---|---|---|
| Library of Congress Classification | SEKU - Tala Campus Library | Wote Campus Library | General Stacks | 24/02/2016 | Donation-books for Africa | [WTE] PR 6053.O4 L6 1990 | 2016/013792 | 24/02/2016 | 24/02/2016 | General circulation | A.K. |